Boj Čechů za svobodu

Bibliographic Details
Main Author: Hostáň, Jan, 1898-1982 (Author)
Other Authors: J.K (Compiler)
Format: Book
Language:Czech
PhysicalDescription:39, [1] s. fotografie a mapy 22 cm
Published: V Praze Státní nakladatelství 1947
Edition:2. vyd.
Subjects:

MARC

LEADER 00000cam a2200000 a 4500
001 vtls008429261
003 SK-MaSNL
005 20260311150428.0
008 250312s1947 xr obc grf 000 0 cze
035 |a urn:nbn:sk:snk-am00d51k 
035 |a urn:nbn:sk:snk-am3hlyn 
035 |a C3BE7077-D52B-4B68-9C91-F8B4F2784708 
040 |a SNK  |b slo  |c SNK  |e AACR2 
041 0 |a cze 
043 |a e-cs--- 
044 |a xr  |c CZ 
072 7 |a 94(437)  |x Dejiny Česka a Slovenska  |2 konspekt 
072 7 |a 355/359  |x Vojenstvo. Obrana krajiny. Ozbrojené sily  |2 konspekt 
080 |a 94(100)"1939/1945"  |2 2011 
080 |a 355.48(100)"1939/1945"  |2 2011 
080 |a (437)  |2 2011 
080 |a 94(437.3)"1945"  |2 2001 
080 |a 355.426(437.3)"1945"  |2 2001 
100 1 |a Hostáň, Jan,  |d 1898-1982  |4 aut  |9 154632 
245 1 0 |a Boj Čechů za svobodu  |c Jan Hostáň 
250 |a 2. vyd. 
260 |a V Praze  |b Státní nakladatelství  |c 1947 
300 |a 39, [1] s.  |b fotografie a mapy  |c 22 cm 
630 0 7 |a Mníchovská dohoda (1938 september 30.)  |2 SNKPH  |9 4452 
630 0 7 |a Munich Agreement (1938 september 30.)  |2 SNKHeng  |9 282072 
650 0 7 |a druhá svetová vojna (1939-1945)  |2 SNKPH  |9 169657 
650 0 7 |a protifašistický odboj  |2 SNKPH  |9 4751 
650 0 7 |a Májové povstanie českého ľudu (1945)  |2 SNKPH  |9 177961 
650 0 7 |a World War (1939-1945)  |2 SNKPH  |9 284172 
651 7 |a Československo  |2 SNKPHgeo  |9 21376 
651 7 |a Czechoslovakia  |2 SNKPH  |9 265183 
655 7 |a prehľady  |2 SNKPH  |9 70194 
655 7 |a príručky  |2 SNKPH  |9 74364 
700 0 |a J.K.  |4 com  |9 303371 
700 1 |a Morávek, Antonín,  |d 1896-1956  |4 bkd  |9 198592 
752 |a Česko  |d Praha 
787 0 8 |i Pôvodne vyšlo ako:  |a Hostáň, Jan  |t Jak bojovalo Československo  |d Praha : Státní nakladatelství, 1946 
852 |a Slovenská národná knižnica 
958 |a OND 
999 |c 1167027  |d 1168957 
952 |a SNK  |b SNK  |y PREZ  |7 0  |p 17A0912719  |o snkSD 5430/17  |i snk5415/47  |0 0  |1 0  |4 0  |d 2018-09-11  |f 1  |l 0  |r 2025-11-12 00:00:00  |w 2026-02-24